| 000 | 01225nam0a22002651 4500 | ||
|---|---|---|---|
| 001 | rc\4661250 | ||
| 005 | 20130416203344.7 | ||
| 021 |
_aRU _b[61-2353] |
||
| 035 | _a(NLR Aleph) 008416999 | ||
| 090 |
_a9332618 _c9332618 |
||
| 100 | _a20130416d1960 |||y0rusy50 ca | ||
| 101 | 0 | _arus | |
| 102 | _aRU | ||
| 105 | _aa z |||a| | ||
| 200 | 1 |
_aДевушка из древней Бухары _eСтихи и поэмы |
|
| 210 |
_aТашкент _cГослитиздат УзССР _d1960 |
||
| 215 |
_a79 с. _cил. _d17 |
||
| 327 | 0 | _aЦиклы: О людской неповторимой теплоте; Земные светила; Поэмы: Спасибо!; Девушка из древней Бухары; Пламя разгоралось на ветру | |
| 464 | 0 | _12001#$aО людской неповторимой теплоте$aЗемные светила$aСпасибо!$eПоэма$aДевушка из древней Бухары$eПоэма$aПламя разгоралось на ветру$eПоэма | |
| 700 | 1 |
_aПармузин _bБ. С. _f1924-1985 _gБорис Сергеевич |
|
| 801 | 0 |
_aRU _bNLR _gpsbo |
|
| 801 | 1 |
_aRU _bELAR _2rusmarc |
|
| 852 |
_aNLR _j61-2/192 |
||
| 942 | _cBOOK | ||
| 980 | _aNB | ||